LEADER 01321nam0-22003491i-450- 001 990000800590403321 005 20001010 010 $a88-464-1016-5 035 $a000080059 035 $aFED01000080059 035 $a(Aleph)000080059FED01 035 $a000080059 100 $a20001010d--------km-y0itay50------ba 101 0 $aita 105 $ay-------001yy 200 1 $a<>PIANIFICAZIONE dei rischi territoriali nella protezione civile$eatti del convegno , il rischio territoriale e ambientale.Interventi di protezione civile e volontariato$e(Agrigento, 24 giugno 1995)$fa cura di Antonino Cellura, Roberto Bonfiglio 210 $aMilano$cFrancoAngeli$dc1998 215 $a145 p.$cill.$d22 cm 225 1 $aUomo, ambiente, sviluppo$v1810.1.11 300 $aIn testa al front.: Provincia regionale di Agrigento, Assessorato territorio ambiente 610 0 $aAGRIGENTO$arischio territoriale$apianificazione 610 0 $aRISCHIO TERRITORIALE$apianificazione$aAgrigento 702 1$aBonfiglio,$bRoberto 702 1$aCellura,$bAntonio 801 0$aIT$bUNINA$gRICA$2UNIMARC 901 $aBK 912 $a990000800590403321 952 $aSEZ.NA B 1717$b9979$fFARBC 959 $aFARBC 996 $aPianificazione dei rischi territoriali nella protezione civile$970036 997 $aUNINA DB $aING01